000 00808cam a2200241 4500
001 7401
003 BD-RjUL
005 20211208234416.0
008 140115r19571948nyua 000 0 eng d
035 _a(BD-RjUL)7444
_a(OCoLC)1097197
040 _aDLC
_cOYU
_dOCoLC
_dDLC
_dBD-RjUL
_beng
041 _aeng
082 0 0 _a517.35
_bCAF 1957
100 1 _aCampbell, George A.
_q(George Ashley),
_d1870-1954.
_923134
245 1 0 _aFourier integrals for practical applications /
_cby George A. Campbell and Ronald M. Foster.
260 _aNew York, NY ;
_aLondon :
_bD. Van Nostrand Co.
_c1948 [reprinted 1957].
300 _aiii, 177 p. :
_bill.;
_c24 cm.
650 0 _aFourier series.
_923135
700 1 _aFoster, Ronald Martin,
_d1896-
_923136
942 _2ddc
_cBK
999 _c7401
_d7401